000 01172nam a22002657a 4500
001 BD-DhSAU 9278
003 BD-DhSAU
005 20260513123033.0
008 260513b2018 bg a|||| m||| 00| 0 eng d
040 _aBD-DhSAU
082 _222
_a636.085
_bSo25
100 _aMIA, MD. SOHEL
_eRegistration # 17-07965
245 _aEvaluation of reproductive efficiency for red chittagong cattle (rcc) crossbred under farming condition of narayanganj district /
_bMS thesis
260 _aSher-e-Bangla Agricultural University;
_bDepartment of Animal nutrition, genetics and breeding ;
_c2024.
300 _ax, 64p. :
_bill. ;
_c30 cm.
500 _aMS thesis of Department of Animal nutrition, genetics and breeding ;, ;, Faculty of ASVM. Sher-e-Balgla Agricultural University Dhaka-1207
504 _aIncludes bibliographical reference.
590 _aNazmul
650 _areproductive efficiency for red chittagong cattle (rcc)
650 _afarming condition of narayanganj district
700 _aAssociate Prof. Dr. Al-Nur Md. Iftekhar Rahman
_eSuperviser
710 _eCo-Superviser
_a Prof. Dr. Nusrat Jahan
942 _2ddc
_cTHESIS
999 _c18410
_d18409